The USA Quiz - L - Statistics

General Stats
  • This quiz has been taken 383 times
  • The average score is 13 of 23
Answer Stats
Answer % Correct
US States beginning with L Louisiana
98%
16th President Abraham {Lincoln}
96%
Portable computer Laptop
92%
Inventor of the denim jean Levi Strauss
89%
Largest Cities beginning with L Los Angeles
84%
NFL Detroit {Lions}
79%
The business social network LinkedIn
67%
Created Star Wars George Lucas
65%
Largest Cities beginning with L Las Vegas
61%
His fashion company is known for Polo shirts Ralph Lauren
59%
Last day to wear white Labor Day
57%
Uses air to move garden debris Leaf blower
54%
Largest Cities beginning with L Louisville
53%
Light now usd in printers, scanners, fibre optic etc. Laser
48%
NHL Tampa Bay {Lightning}
48%
Operating system whose mascot is Tux Linux
46%
Exploration of the Louisiana Purchase Lewis and Clark Expedition
44%
Village that hosted the Olympics twice Lake Placid
33%
Welcomed immigrants into NYC Statue of Liberty
33%
Largest Cities beginning with L Lexington
28%
Co-founded a cosmetic/perfume company in 1953 Estée Lauder
24%
Letterman, Leno, Fallon, Carson, Kimmel Late Night talk show
18%
Largest Cities beginning with L Long Beach
17%
No matching quizzes found
Score Distribution
Percent of People with Each Score
Percentile by Number Answered
Your Score History
You have not taken this quiz